Journal of International Scientific Publications Economy & Business

Enregistré dans:
Détails bibliographiques
Format: Publication en série
Langue:multilingue
Publié: Burgas Science Events
Tags: Ajouter un tag
Pas de tags, Soyez le premier à ajouter un tag!

MARC

LEADER 00000nls a2200000 4500
001 0305879
005 20260205135807.6
022 |a 1314-7242 
041 0 |a mul 
044 |a BG 
245 1 0 |a Journal of International Scientific Publications  |b Economy & Business 
264 1 |a Burgas  |b Science Events